000 00592cam a2200145 4500500
005 20260208010607.0
041 _afre
042 _adc
100 1 0 _aDubray, Jean
_eauthor
245 0 0 _aAntonio Rodriguez, Le pacte lyrique. Configuration discursive et interaction affective, Sprimont (Belgique), Mardaga, 2003, 276 p., 25 E.
260 _c2006.
500 _a25
786 0 _nRevue philosophique de la France et de l'étranger | 131 | 1 | 2006-03-01 | p. 77zv-138zv | 0035-3833
856 4 1 _uhttps://shs.cairn.info/revue-philosophique-2006-1-page-77zv?lang=fr&redirect-ssocas=7080
999 _c1657274
_d1657274